[Event "EU-Cup Online Gr-E"]
[Site "Tornelo INT"]
[Date "2021.03.28"]
[Round "6.3"]
[White "Durarbayli, Vasif"]
[Black "Kukk, Sander"]
[Result "1-0"]
[WhiteElo "2606"]
[BlackElo "2230"]
[PlyCount "45"]
[EventDate "2021.03.27"]
[EventType "team-tourn (rapid)"]
[EventRounds "9"]
[EventCountry "NET"]
[SourceTitle "CBM 201 Extra"]
[Source "ChessBase"]
[SourceDate "2021.05.31"]
[SourceVersion "1"]
[SourceVersionDate "2021.05.31"]
[SourceQuality "1"]
[WhiteTeam "Odlar Yurdu"]
[BlackTeam "Reval Sport"]
[WhiteTeamCountry "AZE"]
[BlackTeamCountry "EST"]

1. e4 g6 2. d4 Bg7 3. Nc3 d6 4. Be3 Nf6 5. h3 0-0 6. Nf3 c6 7. Qd2 Qc7 8. Bh6 e5 9. 0-0-0 Nbd7 10. h4 b5 11. Bxg7 Kxg7 12. dxe5 dxe5 13. h5 Nc5 14. Qg5 h6 15. Qh4 Rh8 16. hxg6 fxg6 17. Bxb5 g5 18. Nxg5 cxb5 19. Nf3 Qe7 20. Qg3+ Ng4 21. Rh5 Qf7 22. Rxe5 b4 23. Rxc5 1-0

[Event "EU-Cup Online Gr-E"]
[Site "Tornelo INT"]
[Date "2021.03.27"]
[Round "1.3"]
[White "Hauge, Lars Oskar"]
[Black "Kukk, Sander"]
[Result "1/2-1/2"]
[WhiteElo "2482"]
[BlackElo "2230"]
[PlyCount "122"]
[EventDate "2021.03.27"]
[EventType "team-tourn (rapid)"]
[EventRounds "9"]
[EventCountry "NET"]
[SourceTitle "CBM 201 Extra"]
[Source "ChessBase"]
[SourceDate "2021.05.31"]
[SourceVersion "1"]
[SourceVersionDate "2021.05.31"]
[SourceQuality "1"]
[WhiteTeam "Stockholm CC"]
[BlackTeam "Reval Sport"]
[WhiteTeamCountry "SWE"]
[BlackTeamCountry "EST"]

1. e4 g6 2. Nc3 Bg7 3. d4 d6 4. f4 Nf6 5. Bd3 0-0 6. Nf3 Nc6 7. e5 dxe5 8. fxe5 Nd5 9. Nxd5 Qxd5 10. c3 Bg4 11. Qe2 Bxf3 12. gxf3 Rad8 13. Bc4 Qa5 14. Bd2 e6 15. 0-0-0 Ne7 16. h4 h5 17. Bg5 Rd7 18. Rhg1 Nf5 19. Bf6 Bh6+ 20. Kb1 Kh7 21. Bd3 Re8 22. Be4 c6 23. Ka1 Qc7 24. Bb1 b5 25. c4 bxc4 26. Qxc4 Qb6 27. Bxf5 exf5 28. Rg2 Re6 29. Rc2 Rd5 30. a3 Be3 31. Rc3 Rxd4 32. Rxd4 Qxd4 33. Qb3 f4 34. Qb8 Rxf6 35. exf6 Qxf6 36. Qc7 Bb6 37. Qxc6 Qxh4 38. Qd5 Qf6 39. a4 Kg7 40. a5 Be3 41. Rc7 h4 42. Qd7 Bd4 43. Rb7 Be3 44. Ka2 Bd4 45. Ka3 Bc5+ 46. Kb3 Be3 47. Ka2 Bd4 48. b4 Be3 49. Rc7 Kh6 50. b5 Qg5 51. Qxf7 Qxb5 52. Qf8+ Kg5 53. Qd8+ Kh6 54. Qxh4+ Qh5 55. Qd8 Qxa5+ 56. Kb3 Qb5+ 57. Kc3 Qa5+ 58. Kc4 Qa4+ 59. Kc3 Qa5+ 60. Kc2 Qa2+ 61. Kc3 Qa5+ 1/2-1/2

[Event "Viljandi Raud Memorial 54th"]
[Site "Viljandi"]
[Date "2020.07.07"]
[Round "3"]
[White "Sepp, Olav"]
[Black "Kukk, Sander"]
[Result "1-0"]
[WhiteElo "2410"]
[BlackElo "2194"]
[PlyCount "105"]
[EventDate "2020.07.06"]
[EventType "swiss"]
[EventRounds "9"]
[EventCountry "EST"]
[SourceTitle "CBM 197 Extra"]
[Source "ChessBase"]
[SourceDate "2020.09.30"]
[SourceVersion "1"]
[SourceVersionDate "2020.09.30"]
[SourceQuality "1"]

1. e4 g6 2. d4 Bg7 3. Nf3 d6 4. c3 Nd7 5. Bc4 e6 6. 0-0 Ne7 7. Re1 0-0 8. Bb3 a6 9. a4 b6 10. Bf4 h6 11. Nbd2 Bb7 12. h3 Kh7 13. Nf1 Ng8 14. e5 dxe5 15. Nxe5 Nxe5 16. Bxe5 Qg5 17. Bg3 h5 18. Qd2 Qd8 19. Rad1 Ne7 20. Ne3 Bh6 21. Qe2 f5 22. f4 Qd6 23. Nc4 Qc6 24. Ne5 Qd6 25. Nc4 Qc6 26. Rd2 Nd5 27. Qxe6 Rae8 28. Qxc6 Rxe1+ 29. Bxe1 Bxc6 30. Ne5 Bb7 31. g3 h4 32. Re2 hxg3 33. Bxd5 Bxd5 34. Bxg3 Re8 35. b4 Bb3 36. a5 b5 37. Kf2 Kg7 38. Nd7 Rxe2+ 39. Kxe2 Be6 40. Nc5 Bc8 41. c4 c6 42. d5 Kf7 43. dxc6 Bf8 44. cxb5 Bxc5 45. bxc5 axb5 46. Kd3 b4 47. Kc4 Ba6+ 48. Kxb4 Ke6 49. Bh4 Kd5 50. c7 Kc6 51. Bd8 Kd5 52. c8Q Bxc8 53. Kb5 1-0

[Event "EU-ch blitz"]
[Site "Tallinn"]
[Date "2019.12.07"]
[Round "20"]
[White "Kukk, Sander"]
[Black "Kulaots, Kaido"]
[Result "0-1"]
[WhiteElo "2312"]
[BlackElo "2562"]
[PlyCount "112"]
[EventDate "2019.12.07"]
[EventType "swiss (blitz)"]
[EventRounds "22"]
[EventCountry "EST"]
[SourceTitle "CBM 193 Extra"]
[Source "ChessBase"]
[SourceDate "2020.01.31"]
[SourceVersion "1"]
[SourceVersionDate "2020.01.31"]
[SourceQuality "1"]

1. b3 e5 2. Bb2 d6 3. e3 g6 4. d4 Nd7 5. dxe5 dxe5 6. Nf3 Bg7 7. Bc4 Nh6 8. 0-0 0-0 9. e4 Ng4 10. Nc3 c6 11. a4 a5 12. Ba3 Re8 13. h3 Nh6 14. Qd2 Nb6 15. Qxd8 Rxd8 16. Bd3 f6 17. Bc5 Nd7 18. Be3 Nf8 19. Nd2 Be6 20. Bb6 Rdc8 21. Nc4 Nf7 22. Rfd1 Nd7 23. Be3 Bf8 24. Nb6 Nxb6 25. Bxb6 Bd6 26. Nb1 Bc7 27. Be3 f5 28. f3 Rd8 29. Na3 Nd6 30. Rd2 Rd7 31. Rad1 Kf7 32. Nc4 Nxc4 33. Bxc4 Rxd2 34. Bxe6+ Kxe6 35. Rxd2 b5 36. Rd3 bxa4 37. bxa4 Rb8 38. Rb3 Rb4 39. Rxb4 axb4 40. Bc5 Bd6 41. Bb6 c5 42. exf5+ gxf5 43. a5 c4 44. a6 Bb8 45. Ba5 b3 46. cxb3 cxb3 47. Bc3 Kd5 48. Kf1 Kc4 49. Bb2 Kd3 50. Bxe5 Bxe5 51. a7 b2 52. a8Q b1Q+ 53. Kf2 Qc2+ 54. Kf1 Qd1+ 55. Kf2 Qe2+ 56. Kg1 Qe1# 0-1

[Event "EU-ch blitz"]
[Site "Tallinn"]
[Date "2019.12.07"]
[Round "11"]
[White "Kukk, Sander"]
[Black "Ruck, Robert"]
[Result "1/2-1/2"]
[WhiteElo "2312"]
[BlackElo "2541"]
[PlyCount "113"]
[EventDate "2019.12.07"]
[EventType "swiss (blitz)"]
[EventRounds "22"]
[EventCountry "EST"]
[SourceTitle "CBM 193 Extra"]
[Source "ChessBase"]
[SourceDate "2020.01.31"]
[SourceVersion "1"]
[SourceVersionDate "2020.01.31"]
[SourceQuality "1"]

1. b3 Nf6 2. Bb2 g6 3. e3 Bg7 4. Nf3 0-0 5. d4 c5 6. c4 cxd4 7. Nxd4 d5 8. Nc3 Nc6 9. Nxd5 Nxd5 10. Nxc6 bxc6 11. Bxg7 Kxg7 12. cxd5 cxd5 13. Be2 e5 14. 0-0 Bb7 15. Qd2 Qb6 16. Rac1 Rfd8 17. Qc3 d4 18. exd4 exd4 19. Qb2 Rd7 20. Bd3 Qf6 21. Qd2 Rad8 22. Rc5 Rd5 23. Rc7 R8d7 24. Rfc1 Qd6 25. Rxd7 Qxd7 26. Qf4 Qe7 27. h3 Rd7 28. Bb5 Rd6 29. Bd3 Rd7 30. Kh2 Rd6 31. Rc5 Rd7 32. Re5 Qd6 33. Qg3 Re7 34. Rxe7 Qxe7 35. Qf4 Qd7 36. Qe5+ f6 37. Qf4 Qd5 38. f3 Qd7 39. Kg1 Bc6 40. h4 Bb7 41. a4 Bc6 42. Kh2 Bb7 43. Kg3 Bc6 44. h5 gxh5 45. Kh4 Qd5 46. Qc7+ Bd7 47. Qf4 Qe6 48. Kxh5 Qxb3 49. Qe4 Qf7+ 50. Kh4 Kf8 51. a5 Qg7 52. g4 Qg5+ 53. Kg3 Qe5+ 54. Qxe5 fxe5 55. Bxh7 Kg7 56. Bd3 Kf6 57. Kf2 1/2-1/2

[Event "EU-ch blitz"]
[Site "Tallinn"]
[Date "2019.12.07"]
[Round "13"]
[White "Kukk, Sander"]
[Black "Ziska, Helgi Dam"]
[Result "0-1"]
[WhiteElo "2312"]
[BlackElo "2614"]
[PlyCount "124"]
[EventDate "2019.12.07"]
[EventType "swiss (blitz)"]
[EventRounds "22"]
[EventCountry "EST"]
[SourceTitle "CBM 193 Extra"]
[Source "ChessBase"]
[SourceDate "2020.01.31"]
[SourceVersion "1"]
[SourceVersionDate "2020.01.31"]
[SourceQuality "1"]

1. b3 d6 2. Bb2 Nd7 3. e3 Ngf6 4. Nf3 g6 5. d4 Bg7 6. Be2 0-0 7. 0-0 e5 8. dxe5 Ng4 9. Nbd2 Ngxe5 10. Qc1 Re8 11. Re1 b6 12. Nxe5 dxe5 13. Bf3 Rb8 14. Rd1 Qe7 15. a4 Nf6 16. Bc6 Bd7 17. Bxd7 Nxd7 18. Nc4 Qe6 19. Qd2 Nc5 20. Qd5 Qf5 21. Qd2 h5 22. Qe2 h4 23. h3 a6 24. Rd5 Rbd8 25. Rad1 Rxd5 26. Rxd5 Qe6 27. Qd1 f6 28. Ba3 Bf8 29. Bxc5 Bxc5 30. Rd8 Kg7 31. Qd7+ Qxd7 32. Rxd7+ Re7 33. Rxe7+ Bxe7 34. Kf1 Kf7 35. Ke2 Ke6 36. e4 Bc5 37. f3 f5 38. Kd3 b5 39. axb5 axb5 40. Nd2 Kf6 41. Nb1 Kg5 42. Nc3 c6 43. Ne2 Kf6 44. Kc3 Bf2 45. Kd3 Be1 46. c4 Ke6 47. cxb5 cxb5 48. f4 Ba5 49. fxe5 Kxe5 50. exf5 gxf5 51. Nd4 Kf4 52. Ke2 Bb6 53. Nxb5 Kg3 54. Kf1 f4 55. Nd6 f3 56. Nf5+ Kh2 57. Nxh4 fxg2+ 58. Nxg2 Kxh3 59. Nf4+ Kg4 60. Nd5 Bd8 61. Ke2 Kf5 62. Kd3 Ke5 0-1

[Event "EU-ch rapid"]
[Site "Tallinn"]
[Date "2019.12.06"]
[Round "9"]
[White "Kukk, Sander"]
[Black "Sanal, Vahap"]
[Result "1-0"]
[WhiteElo "2313"]
[BlackElo "2597"]
[PlyCount "112"]
[EventDate "2019.12.05"]
[EventType "swiss"]
[EventRounds "13"]
[EventCountry "EST"]
[SourceTitle "CBM 193 Extra"]
[Source "ChessBase"]
[SourceDate "2020.01.31"]
[SourceVersion "1"]
[SourceVersionDate "2020.01.31"]
[SourceQuality "1"]

1. b3 e5 2. Bb2 d6 3. e3 Nd7 4. d4 g6 5. Nf3 Bg7 6. Bc4 Nh6 7. dxe5 Nxe5 8. Nxe5 Bxe5 9. Nc3 c6 10. Qd2 b5 11. Be2 0-0 12. 0-0-0 d5 13. e4 Qf6 14. g3 b4 15. Na4 Bxb2+ 16. Nxb2 Ng4 17. Bxg4 Bxg4 18. Rde1 dxe4 19. Rxe4 Bf5 20. Rd4 c5 21. Rd6 Be6 22. Rd1 a5 23. Kb1 Rfc8 24. f4 Qf5 25. Na4 Re8 26. Nb6 Rab8 27. Nd5 h5 28. Nc7 Rf8 29. Nxe6 fxe6 30. Qe2 Rbe8 31. Re1 Kf7 32. Qa6 Re7 33. Qxa5 Rfe8 34. Re5 Qh3 35. Rd2 Qf1+ 36. Kb2 c4 37. Qxb4 Ra8 38. a4 cxb3 39. cxb3 Raa7 40. Rc2 Rad7 41. Re1 Qd3 42. Qe4 Qa6 43. Qe5 Rb7 44. Ka2 Qd3 45. Qc3 Qa6 46. Re5 Qa7 47. Rc5 Qb6 48. h3 Red7 49. g4 h4 50. f5 exf5 51. gxf5 gxf5 52. Rc6 Qd4 53. Qf3 Qd5 54. Qh5+ Kg7 55. Qxh4 Rd8 56. Rc8 Rd6 1-0

[Event "Keres Memorial rap 28th"]
[Site "Tallinn"]
[Date "2019.01.12"]
[Round "3"]
[White "Kukk, Sander"]
[Black "Fridman, Daniel"]
[Result "0-1"]
[WhiteElo "2244"]
[BlackElo "2631"]
[PlyCount "104"]
[EventDate "2019.01.12"]
[EventType "swiss (rapid)"]
[EventRounds "11"]
[EventCountry "EST"]
[SourceTitle "CBM 188 Extra"]
[Source "ChessBase"]
[SourceDate "2019.02.26"]
[SourceVersion "1"]
[SourceVersionDate "2019.02.26"]
[SourceQuality "1"]

1. b3 d5 2. e3 e5 3. Bb2 Bd6 4. c4 c6 5. cxd5 cxd5 6. Nc3 Nf6 7. Nb5 Nc6 8. Nxd6+ Qxd6 9. Nf3 0-0 10. d3 d4 11. e4 Bg4 12. Be2 Qb4+ 13. Qd2 Bxf3 14. Bxf3 Rfc8 15. Ke2 a5 16. Rhc1 Na7 17. Rc4 Rxc4 18. bxc4 b5 19. Qxb4 axb4 20. Rc1 Rc8 21. cxb5 Rxc1 22. Bxc1 Nxb5 23. Kd2 Nd7 24. Bd1 Nc5 25. Bb3 Kf8 26. Bc4 Na3 27. Bd5 Ke7 28. Bb2 Na4 29. Ba1 f6 30. f4 Nc3 31. Bb3 exf4 32. Bb2 g5 33. Ke1 Nab5 34. Kf2 h5 35. Bc1 Kf8 36. h4 Kg7 37. Bd2 Nd6 38. Bc1 Ndb5 39. Bd2 Kg6 40. Bc1 Na7 41. a3 Nc6 42. axb4 Nxb4 43. Bc4 Nc6 44. Ba6 Ne5 45. hxg5 fxg5 46. Ba3 g4 47. Bc5 g3+ 48. Kf1 Ng4 49. Bxd4 Nh2+ 50. Ke1 f3 51. Be3 fxg2 52. d4 Nf3# 0-1

[Event "PRO League Stage"]
[Site "Chess.com INT"]
[Date "2019.01.08"]
[Round "1"]
[White "Soumya, Swaminathan"]
[Black "Kukk, Sander"]
[Result "1-0"]
[WhiteElo "2416"]
[BlackElo "2244"]
[PlyCount "54"]
[EventDate "2019.01.08"]
[EventType "team-swiss (rapid)"]
[EventRounds "10"]
[EventCountry "USA"]
[SourceTitle "CBM 188 Extra"]
[Source "ChessBase"]
[SourceDate "2019.02.26"]
[SourceVersion "1"]
[SourceVersionDate "2019.02.26"]
[SourceQuality "1"]
[WhiteTeam "Mumbai Movers"]
[BlackTeam "Estonia Horses"]
[WhiteTeamCountry "IND"]
[BlackTeamCountry "EST"]

1. e4 g6 2. d4 Bg7 3. Nc3 d6 4. f4 a6 5. Nf3 b5 6. Bd3 Bb7 7. a4 b4 8. Ne2 Nd7 9. c3 bxc3 10. bxc3 c5 11. Rb1 Qc7 12. 0-0 Ngf6 13. Ng5 0-0 14. e5 dxe5 15. fxe5 Nd5 16. Qe1 h6 17. Nxf7 Rxf7 18. Rxf7 Kxf7 19. e6+ Kg8 20. exd7 Qxd7 21. Bxg6 cxd4 22. cxd4 Bc6 23. Qg3 Kh8 24. Rb8+ Bf8 25. Bxh6 Nf6 26. Bxf8 Rxb8 27. Qxb8 Ng4 1-0

[Event "Viljandi Raud Memorial 52nd"]
[Site "Viljandi"]
[Date "2018.07.07"]
[Round "8"]
[White "Sirosh, Ilja"]
[Black "Kukk, Sander"]
[Result "1-0"]
[WhiteElo "2339"]
[BlackElo "2194"]
[PlyCount "63"]
[EventDate "2018.07.06"]
[EventType "swiss (rapid)"]
[EventRounds "10"]
[EventCountry "EST"]
[SourceTitle "CBM 185 Extra"]
[Source "ChessBase"]
[SourceDate "2018.07.29"]
[SourceVersion "1"]
[SourceVersionDate "2018.07.29"]
[SourceQuality "1"]

1. d4 g6 2. c4 Bg7 3. e4 d6 4. Nc3 Nf6 5. Nf3 0-0 6. Be2 Nc6 7. d5 Nb4 8. h3 a5 9. Bg5 Na6 10. 0-0 Nc5 11. Nd2 e5 12. b3 h6 13. Be3 Nh7 14. a3 f5 15. b4 Nd7 16. f3 f4 17. Bf2 g5 18. c5 h5 19. Nc4 axb4 20. axb4 Rxa1 21. Qxa1 Ndf6 22. cxd6 cxd6 23. Nb5 g4 24. Nbxd6 gxh3 25. Nxc8 Qxc8 26. Qxe5 hxg2 27. Kxg2 Nxe4 28. Qxe4 Ng5 29. Qg6 Qh3+ 30. Kg1 Nxf3+ 31. Bxf3 Qxf3 32. Qxg7+ 1-0

[Event "PRO League KO Stage"]
[Site "Chess.com INT"]
[Date "2018.03.13"]
[Round "1"]
[White "Kukk, Sander"]
[Black "Melkumyan, Hrant"]
[Result "0-1"]
[WhiteElo "2188"]
[BlackElo "2664"]
[PlyCount "66"]
[EventDate "2018.03.13"]
[EventType "team-k.o. (rapid)"]
[EventRounds "4"]
[EventCountry "USA"]
[SourceTitle "CBM 183 Extra"]
[Source "ChessBase"]
[SourceDate "2018.04.19"]
[SourceVersion "1"]
[SourceVersionDate "2018.04.19"]
[SourceQuality "1"]
[WhiteTeam "Estonia Horses"]
[BlackTeam "Armenia Eagles"]
[WhiteTeamCountry "EST"]
[BlackTeamCountry "ARM"]

1. c4 g6 2. Nc3 Bg7 3. g3 Nf6 4. Bg2 0-0 5. Nf3 d6 6. d4 Nbd7 7. e4 e5 8. d5 Nc5 9. Qc2 a5 10. 0-0 h5 11. Bg5 Bd7 12. b3 Qe8 13. Rfe1 Nh7 14. Be3 b6 15. Nd2 h4 16. a3 f5 17. exf5 Bxf5 18. Nde4 h3 19. Bh1 a4 20. b4 Nb3 21. Rad1 Qf7 22. Qe2 Nd4 23. Bxd4 exd4 24. Nb5 Rae8 25. f4 Nf6 26. Nxf6+ Bxf6 27. Qf2 d3 28. Rxe8 Rxe8 29. Nd4 Bg4 30. Rxd3 Bxd4 31. Rxd4 Re2 32. Qf1 Qe7 33. Rd1 Qe3+ 0-1

[Event "PRO League Stage"]
[Site "Chess.com INT"]
[Date "2018.03.07"]
[Round "9"]
[White "Kukk, Sander"]
[Black "Abdrlauf, Elham"]
[Result "1-0"]
[WhiteElo "2178"]
[BlackElo "2073"]
[PlyCount "105"]
[EventDate "2018.01.18"]
[EventType "team-swiss (rapid)"]
[EventRounds "9"]
[EventCountry "USA"]
[SourceTitle "EXT 2019"]
[Source "ChessBase"]
[SourceDate "2018.10.10"]
[SourceVersion "1"]
[SourceVersionDate "2018.10.10"]
[SourceQuality "1"]
[WhiteTeam "Estonia Horses"]
[BlackTeam "Norway Gnomes"]
[WhiteTeamCountry "EST"]
[BlackTeamCountry "NOR"]

1. b3 d5 2. e3 Nf6 3. Bb2 g6 4. Nf3 Bg7 5. d4 0-0 6. Nbd2 Bf5 7. Be2 c6 8. 0-0 Nbd7 9. c4 Re8 10. Rc1 Ne4 11. Nxe4 dxe4 12. Nd2 e5 13. d5 cxd5 14. cxd5 Nf6 15. g4 Nxg4 16. Bxg4 Qg5 17. h3 h5 18. Kh2 hxg4 19. Rg1 Qh4 20. Rg3 Bh6 21. Nc4 Rad8 22. Nxe5 Bg7 23. Nc4 Bxb2 24. Nxb2 gxh3 25. Rc4 Qf6 26. Rd4 b5 27. Qd2 Re5 28. Nd1 Qd6 29. Nc3 b4 30. Nb5 Qc5 31. Qxb4 Qxb4 32. Rxb4 Rexd5 33. Nd4 Rc8 34. Rg1 a5 35. Rb7 Rc3 36. a4 Rd3 37. Rc1 R5xd4 38. exd4 Rxd4 39. Rc3 Rd2 40. Kg3 h2 41. Kxh2 Rxf2+ 42. Kg3 Rb2 43. Rb5 Be6 44. Rxa5 Rxb3 45. Rxb3 Bxb3 46. Ra8+ Kg7 47. a5 f5 48. a6 Bd5 49. Rd8 Bc6 50. a7 Kf6 51. Rd6+ Ke5 52. Rxc6 f4+ 53. Kg4 1-0

[Event "PRO League Stage"]
[Site "Chess.com INT"]
[Date "2018.03.07"]
[Round "9"]
[White "Predojevic, Borki"]
[Black "Kukk, Sander"]
[Result "0-1"]
[WhiteElo "2622"]
[BlackElo "2178"]
[PlyCount "82"]
[EventDate "2018.01.18"]
[EventType "team-swiss (rapid)"]
[EventRounds "9"]
[EventCountry "USA"]
[SourceTitle "EXT 2019"]
[Source "ChessBase"]
[SourceDate "2018.10.10"]
[SourceVersion "1"]
[SourceVersionDate "2018.10.10"]
[SourceQuality "1"]
[WhiteTeam "Norway Gnomes"]
[BlackTeam "Estonia Horses"]
[WhiteTeamCountry "NOR"]
[BlackTeamCountry "EST"]

1. Nf3 g6 2. g3 Bg7 3. d4 Nf6 4. Bg2 0-0 5. 0-0 d6 6. c4 Nc6 7. Nc3 e5 8. dxe5 Nxe5 9. b3 Qe7 10. Bb2 Nxf3+ 11. Bxf3 c6 12. Qd2 Bh3 13. Rfe1 Rad8 14. Rad1 Rfe8 15. Qd4 a6 16. Qh4 Be6 17. Na4 b5 18. Nb6 d5 19. cxd5 Nxd5 20. Nxd5 Qxh4 21. gxh4 Bxd5 22. Bxg7 Kxg7 23. Bxd5 Rxd5 24. Rxd5 cxd5 25. Kg2 Re4 26. Kg3 h5 27. h3 Kf6 28. f3 Re6 29. Kf2 Rc6 30. Rd1 Ke5 31. Rd3 Rc2 32. a3 d4 33. Ke1 a5 34. Kf2 Rc3 35. Kg3 f6 36. Rd1 Rxb3 37. Rc1 Kd5 38. a4 b4 39. Rc8 Ra3 40. Rf8 Rxa4 41. Rxf6 b3 0-1

[Event "PRO League Stage"]
[Site "Chess.com INT"]
[Date "2018.02.28"]
[Round "8"]
[White "Kukk, Sander"]
[Black "Melkumyan, Hrant"]
[Result "1/2-1/2"]
[WhiteElo "2178"]
[BlackElo "2654"]
[PlyCount "130"]
[EventDate "2018.01.18"]
[EventType "team-swiss (rapid)"]
[EventRounds "9"]
[EventCountry "USA"]
[SourceTitle "EXT 2019"]
[Source "ChessBase"]
[SourceDate "2018.10.10"]
[SourceVersion "1"]
[SourceVersionDate "2018.10.10"]
[SourceQuality "1"]
[WhiteTeam "Estonia Horses"]
[BlackTeam "Armenia Eagles"]
[WhiteTeamCountry "EST"]
[BlackTeamCountry "ARM"]

1. b3 d5 2. e3 Nf6 3. Bb2 c6 4. Nf3 Bf5 5. d4 e6 6. Bd3 Bb4+ 7. c3 Bd6 8. 0-0 Nbd7 9. c4 0-0 10. Nc3 Ne4 11. Qc2 Ndf6 12. h3 Qc7 13. Nd2 Nxd2 14. Qxd2 a6 15. Rac1 Qe7 16. Qc2 Bxd3 17. Qxd3 Rad8 18. e4 e5 19. dxe5 Bxe5 20. exd5 cxd5 21. cxd5 Qd6 22. Rcd1 Rfe8 23. Rfe1 h6 24. Na4 b5 25. Bxe5 Rxe5 26. Rxe5 Qxe5 27. Nc3 b4 28. Ne2 Rxd5 29. Qc2 Qe4 30. Qc8+ Kh7 31. Rxd5 Nxd5 32. Qxa6 Nc3 33. Ng3 Qe1+ 34. Qf1 Qd2 35. Qc4 Qe1+ 36. Qf1 Qe5 37. Qc4 f5 38. Qxb4 f4 39. Nf1 f3 40. gxf3 Ne2+ 41. Kh1 Nd4 42. Qd2 Kh8 43. Qe3 Qf6 44. Nh2 Nf5 45. Qe8+ Kh7 46. Qe4 h5 47. b4 g6 48. b5 Qa1+ 49. Kg2 Qf6 50. a4 Nh4+ 51. Kg1 Qg5+ 52. Kf1 Qc1+ 53. Qe1 Qc4+ 54. Kg1 Nf5 55. Nf1 Qxa4 56. Qe2 Nd4 57. Qe7+ Kh6 58. Qe3+ Kh7 59. Qe7+ Kh6 60. Qf8+ Kh7 61. Qf7+ Kh6 62. Qf4+ Kh7 63. Qf7+ Kh6 64. Qf4+ Kh7 65. Qf7+ Kh6 1/2-1/2

[Event "PRO League Stage"]
[Site "Chess.com INT"]
[Date "2018.02.24"]
[Round "7"]
[White "Clarke, Brandon GI"]
[Black "Kukk, Sander"]
[Result "1-0"]
[WhiteElo "2360"]
[BlackElo "2178"]
[PlyCount "109"]
[EventDate "2018.01.18"]
[EventType "team-swiss (rapid)"]
[EventRounds "9"]
[EventCountry "USA"]
[SourceTitle "EXT 2019"]
[Source "ChessBase"]
[SourceDate "2018.10.10"]
[SourceVersion "1"]
[SourceVersionDate "2018.10.10"]
[SourceQuality "1"]
[WhiteTeam "Australia Kangaroos"]
[BlackTeam "Estonia Horses"]
[WhiteTeamCountry "AUS"]
[BlackTeamCountry "EST"]

1. e4 g6 2. d4 Bg7 3. Nf3 d6 4. Bc4 Nf6 5. Qe2 0-0 6. 0-0 Bg4 7. e5 dxe5 8. dxe5 Nd5 9. Nbd2 Nc6 10. Qe4 Bxf3 11. Nxf3 Nb6 12. Bb5 Qd5 13. Qxd5 Nxd5 14. Bxc6 bxc6 15. a3 Rfd8 16. Re1 e6 17. Bg5 Rd7 18. Rad1 h6 19. Be3 a6 20. c4 Nb6 21. Bxb6 Rxd1 22. Rxd1 cxb6 23. Rd7 b5 24. c5 Bf8 25. b4 a5 26. Kf1 axb4 27. axb4 Ra4 28. Rd4 g5 29. Ke2 Kh7 30. h4 Kg6 31. hxg5 hxg5 32. g4 Ra2+ 33. Ke3 Rb2 34. Ne1 f6 35. Nd3 Rb3 36. Rd8 Bg7 37. Rd6 Kf7 38. exf6 Bxf6 39. Rxc6 Bc3 40. Ke4 Bxb4 41. Ne5+ Ke7 42. Rc7+ Kd8 43. Rd7+ Kc8 44. c6 Rc3 45. Rb7 Bd6 46. Rxb5 Rc2 47. Nf7 Bc7 48. Nxg5 Rxc6 49. f3 Rc4+ 50. Kd3 Ra4 51. Nxe6 Bd6 52. Nd4 Kd7 53. Rb7+ Bc7 54. Nb5 Kc6 55. Rxc7+ 1-0

[Event "PRO League Stage"]
[Site "Chess.com INT"]
[Date "2018.02.24"]
[Round "7"]
[White "Kukk, Sander"]
[Black "Gurevich, Daniel"]
[Result "0-1"]
[WhiteElo "2178"]
[BlackElo "2483"]
[PlyCount "70"]
[EventDate "2018.01.18"]
[EventType "team-swiss (rapid)"]
[EventRounds "9"]
[EventCountry "USA"]
[SourceTitle "EXT 2019"]
[Source "ChessBase"]
[SourceDate "2018.10.10"]
[SourceVersion "1"]
[SourceVersionDate "2018.10.10"]
[SourceQuality "1"]
[WhiteTeam "Estonia Horses"]
[BlackTeam "Minnesota Blizzard"]
[WhiteTeamCountry "EST"]
[BlackTeamCountry "USA"]

1. b3 e5 2. Bb2 Nc6 3. e3 Nf6 4. Bb5 Bd6 5. Na3 e4 6. d4 exd3 7. Bxd3 Bb4+ 8. c3 Be7 9. Nf3 d5 10. 0-0 0-0 11. h3 Be6 12. Nb5 Re8 13. Qc2 h6 14. Nbd4 Nxd4 15. cxd4 Bd6 16. Ne5 Rc8 17. Qe2 Ne4 18. Rac1 f6 19. Ng6 Qd7 20. Nf4 Bxf4 21. exf4 Bf5 22. Rfe1 Qd6 23. Qc2 Qxf4 24. f3 Ng3 25. Bxf5 Nxf5 26. Qd3 Ng3 27. Rcd1 Kf7 28. Bc1 Qd6 29. Qb5 b6 30. Be3 c6 31. Qa6 Rc7 32. Bf2 Rce7 33. Qd3 Ne2+ 34. Kf1 Qh2 35. Bh4 Qg1# 0-1

[Event "PRO League Stage"]
[Site "Chess.com INT"]
[Date "2018.02.24"]
[Round "7"]
[White "Kukk, Sander"]
[Black "Rosenthal, Nicholas"]
[Result "1-0"]
[WhiteElo "2178"]
[BlackElo "2169"]
[PlyCount "87"]
[EventDate "2018.01.18"]
[EventType "team-swiss (rapid)"]
[EventRounds "9"]
[EventCountry "USA"]
[SourceTitle "EXT 2019"]
[Source "ChessBase"]
[SourceDate "2018.10.10"]
[SourceVersion "1"]
[SourceVersionDate "2018.10.10"]
[SourceQuality "1"]
[WhiteTeam "Estonia Horses"]
[BlackTeam "Miami Champions"]
[WhiteTeamCountry "EST"]
[BlackTeamCountry "USA"]

1. b3 d5 2. e3 e5 3. Bb2 Bd6 4. f4 Qe7 5. Nf3 Nd7 6. c4 c6 7. cxd5 cxd5 8. Bb5 f6 9. fxe5 fxe5 10. Bxd7+ Bxd7 11. Nxe5 Nf6 12. Nxd7 Kxd7 13. Bxf6 Qxf6 14. Qg4+ Kd8 15. Nc3 Rf8 16. 0-0-0 a5 17. Rhf1 Qxf1 18. Rxf1 Rxf1+ 19. Kc2 Rf7 20. Qg5+ Ke8 21. Qxd5 Bxh2 22. Qe4+ Kd8 23. Qxh7 Bd6 24. Nb5 Rc8+ 25. Kd3 Bf8 26. Qg8 Rd7+ 27. Ke2 Ke7 28. Nd4 Ke8 29. Qe6+ Kd8 30. Qf5 Bb4 31. a3 Bd6 32. Qxa5+ Ke8 33. Qh5+ Rf7 34. Qh8+ Bf8 35. Ne6 Ke7 36. Nf4 Kd7 37. Qh3+ Kc7 38. Qe6 Rd7 39. Nd5+ Kd8 40. Nb6 Rcc7 41. Nxd7 Rxd7 42. b4 Bd6 43. d4 Kc7 44. e4 1-0

[Event "PRO League Stage"]
[Site "Chess.com INT"]
[Date "2018.02.24"]
[Round "7"]
[White "Thavandiran, Shiyam"]
[Black "Kukk, Sander"]
[Result "1/2-1/2"]
[WhiteElo "2399"]
[BlackElo "2178"]
[PlyCount "123"]
[EventDate "2018.01.18"]
[EventType "team-swiss (rapid)"]
[EventRounds "9"]
[EventCountry "USA"]
[SourceTitle "EXT 2019"]
[Source "ChessBase"]
[SourceDate "2018.10.10"]
[SourceVersion "1"]
[SourceVersionDate "2018.10.10"]
[SourceQuality "1"]
[WhiteTeam "Montreal ChessBrahs"]
[BlackTeam "Estonia Horses"]
[WhiteTeamCountry "CAN"]
[BlackTeamCountry "EST"]

1. e4 g6 2. d4 Bg7 3. Nc3 d6 4. Be3 Nf6 5. Qd2 0-0 6. Nf3 Bg4 7. Ng5 h6 8. h3 Bd7 9. Nf3 Kh7 10. e5 Ng8 11. h4 Nc6 12. 0-0-0 dxe5 13. Nxe5 Nxe5 14. dxe5 Bg4 15. f3 Qxd2+ 16. Rxd2 Be6 17. f4 h5 18. Nb5 Rfc8 19. Nd4 Bd5 20. Nf3 Bxf3 21. gxf3 Rd8 22. Bd3 e6 23. Be4 Rxd2 24. Kxd2 Rd8+ 25. Ke2 b6 26. a4 Ne7 27. c3 Bh6 28. a5 Nd5 29. Bxd5 Rxd5 30. axb6 cxb6 31. Ra1 Rd7 32. c4 Bf8 33. Ra4 Be7 34. Bf2 Kg7 35. b4 Rc7 36. Kd3 Kf8 37. b5 Ke8 38. Kc3 Kd7 39. Ra1 Kc8 40. Rd1 Kb7 41. Kb3 a6 42. bxa6+ Kxa6 43. Kc3 Kb7 44. Rb1 Bc5 45. Bxc5 Rxc5 46. Rd1 Kc7 47. Kb4 Ra5 48. Kb3 Ra8 49. Kb2 Ra4 50. Kb3 b5 51. Rd4 Rxc4 52. Rxc4+ bxc4+ 53. Kc3 Kb6 54. Kxc4 Kc6 55. Kb4 Kd5 56. Kc3 Kc5 57. Kd3 Kb4 58. Kd4 Kb5 59. Kd3 Kc5 60. Kc3 Kd5 61. Kd3 Kc5 62. Kc3 1/2-1/2